<?xml version="1.0" encoding="UTF-8"?><?xml-stylesheet type="text/xsl" href="static/style.xsl"?><OAI-PMH xmlns="http://www.openarchives.org/OAI/2.0/" xmlns:xsi="http://www.w3.org/2001/XMLSchema-instance" xsi:schemaLocation="http://www.openarchives.org/OAI/2.0/ http://www.openarchives.org/OAI/2.0/OAI-PMH.xsd"><responseDate>2026-04-29T19:34:49Z</responseDate><request verb="GetRecord" identifier="oai:repisalud.isciii.es:20.500.12105/13323" metadataPrefix="marc">https://repisalud.isciii.es/rest/oai/request</request><GetRecord><record><header><identifier>oai:repisalud.isciii.es:20.500.12105/13323</identifier><datestamp>2025-05-13T11:16:20Z</datestamp><setSpec>com_20.500.12105_2173</setSpec><setSpec>com_20.500.12105_2051</setSpec><setSpec>col_20.500.12105_19597</setSpec></header><metadata><record xmlns="http://www.loc.gov/MARC21/slim" xmlns:dcterms="http://purl.org/dc/terms/" xmlns:doc="http://www.lyncode.com/xoai" xmlns:xsi="http://www.w3.org/2001/XMLSchema-instance" xsi:schemaLocation="http://www.loc.gov/MARC21/slim http://www.loc.gov/standards/marcxml/schema/MARC21slim.xsd">
   <leader>00925njm 22002777a 4500</leader>
   <datafield ind2=" " ind1=" " tag="042">
      <subfield code="a">dc</subfield>
   </datafield>
   <datafield ind2=" " ind1=" " tag="720">
      <subfield code="a">Paz Ares, Luis Gonzaga</subfield>
      <subfield code="e">author</subfield>
   </datafield>
   <datafield ind2=" " ind1=" " tag="720">
      <subfield code="a">Barlesi, F</subfield>
      <subfield code="e">author</subfield>
   </datafield>
   <datafield ind2=" " ind1=" " tag="720">
      <subfield code="a">Siena, S</subfield>
      <subfield code="e">author</subfield>
   </datafield>
   <datafield ind2=" " ind1=" " tag="720">
      <subfield code="a">Ahn, M-J</subfield>
      <subfield code="e">author</subfield>
   </datafield>
   <datafield ind2=" " ind1=" " tag="720">
      <subfield code="a">Drilon, A</subfield>
      <subfield code="e">author</subfield>
   </datafield>
   <datafield ind2=" " ind1=" " tag="720">
      <subfield code="a">Conley, A</subfield>
      <subfield code="e">author</subfield>
   </datafield>
   <datafield ind2=" " ind1=" " tag="720">
      <subfield code="a">Rolfo, C</subfield>
      <subfield code="e">author</subfield>
   </datafield>
   <datafield ind2=" " ind1=" " tag="720">
      <subfield code="a">Wolf, J</subfield>
      <subfield code="e">author</subfield>
   </datafield>
   <datafield ind2=" " ind1=" " tag="720">
      <subfield code="a">Seto, T</subfield>
      <subfield code="e">author</subfield>
   </datafield>
   <datafield ind2=" " ind1=" " tag="720">
      <subfield code="a">Doebele, R</subfield>
      <subfield code="e">author</subfield>
   </datafield>
   <datafield ind2=" " ind1=" " tag="720">
      <subfield code="a">Kapre, A</subfield>
      <subfield code="e">author</subfield>
   </datafield>
   <datafield ind2=" " ind1=" " tag="720">
      <subfield code="a">Chen, D</subfield>
      <subfield code="e">author</subfield>
   </datafield>
   <datafield ind2=" " ind1=" " tag="720">
      <subfield code="a">McCallum, S</subfield>
      <subfield code="e">author</subfield>
   </datafield>
   <datafield ind2=" " ind1=" " tag="720">
      <subfield code="a">Osborne, S</subfield>
      <subfield code="e">author</subfield>
   </datafield>
   <datafield ind2=" " ind1=" " tag="720">
      <subfield code="a">Demetri, G</subfield>
      <subfield code="e">author</subfield>
   </datafield>
   <datafield ind2=" " ind1=" " tag="260">
      <subfield code="c">2021-06</subfield>
   </datafield>
   <datafield ind2=" " ind1=" " tag="520">
      <subfield code="a">Patient-reported outcomes (PROs) are increasingly relevant endpoints in clinical trials, contributing to our understanding of risk-benefit profiles, in addition to efficacy and safety data. We investigated the impact of entrectinib on patient-reported symptoms, functioning, and health-related quality of life.&#xd;
STARTRK-2 is a phase II basket study in patients with locally advanced/metastatic neurotrophic receptor tyrosine kinase 1/2/3 (NTRK1/2/3) and ROS proto-oncogene 1 (ROS1) fusion-positive solid tumours. PROs (prespecified secondary endpoint) were evaluated using the European Organization for Research and Treatment of Cancer quality-of-life questionnaire (QLQ-C30), lung cancer module (QLQ-LC13), and colorectal cancer module (QLQ-CR29), and the EuroQoL 5-Dimension 3-Level instruments, completed before cycle 1 day 1 and each subsequent 4-week cycle of entrectinib dosing, and the end of treatment. Adverse events and treatment-related symptoms were assessed in the safety analysis (SA)-PRO population. Tumour-related symptoms, functioning, and global health status were assessed in the efficacy analysis (EA)-PRO population. Data cut-offs: 31 October 2018 NTRK cohort; 01 May 2019 ROS1 cohort.&#xd;
SA-PRO populations comprised patients with NTRK fusion-positive solid tumours (N = 88) or ROS1 fusion-positive non-small-cell lung cancer (N = 180) who received one or more doses of entrectinib, completed PRO questionnaires on cycle 1 day 1 and answered one or more questions on-study. EA-PRO populations (N = 71) and (N = 145), respectively, comprised SA-PRO patients with measurable baseline disease. Moderate-to-high baseline global health status scores were maintained in EA-PRO populations during treatment. Role and physical functioning scores were moderate-to-high at baseline, with trends towards clinical improvement during treatment. Both cohorts reported low-to-moderate symptom burden at baseline, which was maintained or trended towards clinically meaningful improvement. Symptoms commonly associated with cancer treatment (e.g. nausea, fatigue) remained stable or improved during treatment. All SA-PRO patients experienced one or more adverse events, most frequently constipation or diarrhoea.&#xd;
PRO findings were consistent with the favourable safety profile of entrectinib, and further reinforce the positive benefit-risk profile of this treatment, indicating minimal overall treatment burden.</subfield>
   </datafield>
   <datafield ind1="8" ind2=" " tag="024">
      <subfield code="a">ESMO Open.2021;6(3):100113.</subfield>
   </datafield>
   <datafield ind1="8" ind2=" " tag="024">
      <subfield code="a">10.1016/j.esmoop.2021.100113</subfield>
   </datafield>
   <datafield ind1="8" ind2=" " tag="024">
      <subfield code="a">2059-7029</subfield>
   </datafield>
   <datafield ind1="8" ind2=" " tag="024">
      <subfield code="a">ESMO open</subfield>
   </datafield>
   <datafield ind1="8" ind2=" " tag="024">
      <subfield code="a">33930659</subfield>
   </datafield>
   <datafield ind1="8" ind2=" " tag="024">
      <subfield code="a">http://hdl.handle.net/20.500.12105/13323</subfield>
   </datafield>
   <datafield tag="653" ind2=" " ind1=" ">
      <subfield code="a">Tyrosine kinase inhibitor</subfield>
   </datafield>
   <datafield tag="653" ind2=" " ind1=" ">
      <subfield code="a">ROS1</subfield>
   </datafield>
   <datafield tag="653" ind2=" " ind1=" ">
      <subfield code="a">Patient-reported outcomes</subfield>
   </datafield>
   <datafield tag="653" ind2=" " ind1=" ">
      <subfield code="a">NTRK</subfield>
   </datafield>
   <datafield tag="653" ind2=" " ind1=" ">
      <subfield code="a">Entrectinib</subfield>
   </datafield>
   <datafield ind2="0" ind1="0" tag="245">
      <subfield code="a">Patient-reported outcomes from STARTRK-2: a global phase II basket study of entrectinib for ROS1 fusion-positive non-small-cell lung cancer and NTRK fusion-positive solid tumours.</subfield>
   </datafield>
</record></metadata></record></GetRecord></OAI-PMH>